Hacia una nueva etapa de desarrollo educativo

Gorde:
Xehetasun bibliografikoak
Formatua: Liburua
Hizkuntza:gaztelania
Argitaratua: Santiago UNESCO-OREALC 1993
Gaiak:
Etiketak: Etiketa erantsi
Etiketarik gabe, Izan zaitez lehena erregistro honi etiketa jartzen!

MARC

LEADER 00000nam a2200000 a 4500
001 UCY1423
003 CL-VaPUC
005 20210330001620.0
008 940901e19930000cl 1 spa d
082 0 4 |a 370.1  |b HAC  |2 21 
245 1 0 |a Hacia una nueva etapa de desarrollo educativo 
260 |a Santiago  |b UNESCO-OREALC  |c 1993 
300 |a 36 p 
583 |a last modification  |c 19940901 00:00:00  |k Rodrigo Vera 
650 0 0 |a Filosofía de la educación   |9 258384 
650 0 0 |a Calidad de la educación   |9 307271 
942 |c BK 
945 |a rbrito  |d 19940901 00:00:00 
546 |a En Español 
518 |p Reunión del Comite Regional Intergubernamental del Proyecto Principal de Educación para América Latina y El Caribe, 5 
999 |c 382260  |d 382258 
952 |0 0  |1 0  |4 0  |6 370_100000000000000_HAC_1993  |7 0  |8 P  |9 503860  |a BIBEDU  |b BIBEDU  |c BIBEDU_PB  |d 2020-01-23  |i 3004287  |o 370.1 HAC 1993  |p 3004287  |r 2024-01-25  |w 2020-01-23  |y BK  |k EDU 
952 |0 0  |1 0  |4 0  |6 370_100000000000000_HAC_1993  |7 0  |8 P  |9 503861  |a BIBEDU  |b BIBEDU  |c BIBEDU_PB  |d 2020-01-23  |i 3004295  |o 370.1 HAC 1993  |p 3004295  |r 2024-01-25  |w 2020-01-23  |y BK  |k EDU